000 00989nam a22002057a 4500
999 _c63560
_d63560
003 Ge_BSU
005 20251030151930.0
008 251030s1970 ge ||||| |||| 00| 0 geo d
041 _ageo
080 _a908(1-664) ხ-97
100 _aხუციშვილი, ოთარ
_926132
245 _aორი სამყარო ორი შედეგი /
_cოთარ ხუციშვილი, ბონდო გულიაშვილი.
264 _aთბილისი :
_bსაქ. კპ ცკ-ის გამ-ბა,
_c1970.
300 _a83 გვ. :
_bილ. ;
_c 20 სმ.
490 _aიდეოლოგიური მუშაობის საკითხები
653 _aსოციალისტური ქვეყნები
653 _aკაპიტალისტური ქვეყნები
700 _aგულიაშვილი, ბონდო
_eავტორი
_926133
942 _2udc
_cᲬᲘᲒᲜᲘ